000 00304nam a22001337a 4500
008 181016b xxu||||| |||| 00| 0 eng d
020 _a9780314578310
041 _aeng
080 _25 ed
_a616.39
100 _a10
101 _aNUT
245 _aUnderstanding Nutrition
_cWhitney.R
942 _2udc
_cBK
999 _c49807
_d49807